| 000 | 00858cam a22002532a 4500 | ||
|---|---|---|---|
| 001 | 35689 | ||
| 003 | BD-RjUL | ||
| 005 | 20211209052349.0 | ||
| 008 | 140529s1962 n 001 0 eng d | ||
| 035 |
_aOCLC ocm00981667 from D950404M _a(BD-RjUL)35784 |
||
| 040 |
_aOUN _dSOI _dUKM _dBD-RjUL _beng _cBD-RjUL |
||
| 041 | _aeng | ||
| 082 |
_a320.3 _bBRN 1962 |
||
| 100 | 1 |
_aBrown, Bernard Edward _d1925- _958333 |
|
| 245 | 1 | 0 |
_aNew directions in comparative politics / _cBernard Edward Brown |
| 260 |
_aLondon ; _aNewYork : _bAsia Publishing House, _c1962. |
||
| 300 |
_avi, 91 p. ; _c23 cm |
||
| 500 | _aIssued under the auspices of the Indian Institute of Public Administration, New Delhi | ||
| 504 | _aIncludes bibliography and index. | ||
| 650 | 0 |
_aComparative government _9108665 |
|
| 942 |
_2ddc _cBK |
||
| 999 |
_c35689 _d35689 |
||